Μισθοί, συντάξιμος χρόνος και συνθήκες εργασίας δημοσίου και ιδιωτικού τομέα
Αποθηκεύτηκε σε:
| Κύριος συγγραφέας: | |
|---|---|
| Συγγραφή απο Οργανισμό/Αρχή: | |
| Άλλοι συγγραφείς: | |
| Μορφή: | Βιβλίο |
| Γλώσσα: | Greek |
| Δημοσίευση: |
Αθήνα :
Κέντρο Προγραμματισμού και Οικονομικών Ερευνών,
c2010
|
| Σειρά: | Εκθέσεις ;
; 44 |
| Θέματα: | |
| Ετικέτες: |
Προσθήκη ετικέτας
Δεν υπάρχουν, Καταχωρήστε ετικέτα πρώτοι!
|
MARC
| LEADER | 00000cam a2200000 i 4500 | ||
|---|---|---|---|
| 001 | 1/15256 | ||
| 008 | 110929s2010 gre d | ||
| 020 | |a 978-960-341-095-9 | ||
| 035 | |l 10110903 | ||
| 040 | |a GR-MY-UA |b gre |e aacr | ||
| 041 | 0 | |a gre | |
| 082 | 0 | |a 331.01 |2 (22) | |
| 100 | 1 | |a Κανελλόπουλος, Κωσταντίνος Ν. | |
| 245 | 1 | 0 | |a Μισθοί, συντάξιμος χρόνος και συνθήκες εργασίας δημοσίου και ιδιωτικού τομέα / |c Κωνσταντίνος Ν. Κανελλόπουλος; Φάνη Ζερβού ; Κέντρο Προγραμματισμού και Οικονομικών Ερευνών |
| 260 | |a Αθήνα : |b Κέντρο Προγραμματισμού και Οικονομικών Ερευνών, |c c2010 | ||
| 300 | |a 131 σ.; |b πίν.; |c 24 εκ. | ||
| 490 | 1 | |a Εκθέσεις |v ; 64 | |
| 504 | |a Βιβλιογραφία: σ. 123-125 | ||
| 650 | 0 | 0 | |a Wages. |
| 650 | 0 | 0 | |a Pensions. |
| 650 | 0 | 0 | |a Labor market. |
| 650 | 0 | 0 | |a Labor supply. |
| 650 | 0 | 0 | |a Public administration. |
| 700 | 1 | |a Ζερβού, Φανή Π. | |
| 710 | 2 | |a Κέντρο Προγραμματισμού και Οικονομικών Ερευνών. | |
| 830 | 0 | |a Εκθέσεις ; |v ; 44 | |
| 852 | |a INST |b CHIOS |e 20110929 |h 331.01 ΚΑΝ |p 005200032712 |q 005200032712 |t BK |y 0 | ||
| 901 | |a BIBL2-2011-2 | ||
| 909 | |a Χ |b 149769 | ||
| 970 | |a ΣΑΛΑΜΟΥΡΑ |b ΜΑΡΙΑ |z 2011/09/29 | ||